000 00653cam a22002291 4500
001 gs 09000151
003 DLC
005 20260227111308.0
008 720327s1909 xx 000 0 eng
010 _ags 09000151
035 _a(OCoLC)271148
040 _aDLC
_cODaWU
_dDLC
050 0 0 _aQE75
_b.B9 no. 375
051 _aQE84.F5
_bP8
100 1 _aPrindle, Louis Marcus,
_d1865-1956.
245 1 4 _aThe Fortymile quadrangle, Yukon-Tanana region, Alaska.
260 _bGovt. Print. Off.,
_c1909.
300 _a52 p.
410 2 0 _aGeological Survey (U.S.)
_tBulletin
_t375
650 0 _aGeology
_zAlaska.
650 0 _aGold mines and mining
_zAlaska.
999 _c24828
_d24828